000 00470cam a22001934a 4500
005 20250605164154.0
008 250528s ||||||||||||||||||||||||d
035 _a19524
020 _a131974351
040 _aGR-AtMCL
_bgre
_dGR-AtMCL
_eAACR2
245 1 _aDATA COMMUNICATIONS AND TELEPROCESSING SYSTEMS
250 _a2
260 _bPrentice Hall,
_c1987
300 _a474
700 1 _aHousley Trevor
_91503
942 _cBK
999 _c4780
_d4780